书目信息 |
| 题名: |
意大利人
|
|
| 作者: | 拉德克利夫 著 ;刘勃 译 | |
| 分册: | ||
| 出版信息: | 北京 中国人民大学出版社 2004.04 |
|
| 页数: | 455页 | |
| 开本: | 24cm | |
| 丛书名: | 朗朗书房 | |
| 单 册: | ||
| 中图分类: | I561.45 | |
| 科图分类: | ||
| 主题词: | 长篇小说--英国--现代 | |
| 电子资源: | ||
| ISBN: | 7-300-05383-1 | |
| 000 | 00844nam2 2200277 45 | |
| 001 | 012004000000 | |
| 005 | 20041027100329.01 | |
| 010 | @a7-300-05383-1@dCNY 25.80 | |
| 100 | @a20040622d2004 em y0chiy0121 ea | |
| 101 | 1 | @achi@ceng |
| 102 | @aCN@b110000 | |
| 105 | @ay z 000ay | |
| 200 | 1 | @a意大利人@Ayi da li ren@dThe Italian@f(英)安·拉德克利夫著@g刘勃译@zeng |
| 210 | @a北京@c中国人民大学出版社@d2004.04 | |
| 215 | @a455页@d24cm | |
| 225 | 2 | @a朗朗书房@i魔幻经典读本@v7 |
| 300 | @a孕育了《哈利·波特》和《指环王》的文学之源 | |
| 410 | 0 | @12001 @a朗朗书房 |
| 410 | 0 | @12001 @a魔幻经典读本 |
| 510 | 1 | @aThe Italian@zeng |
| 606 | 0 | @a长篇小说@y英国@z现代 |
| 690 | @aI561.45@v4 | |
| 701 | 1 | @a拉德克利夫@Ala de ke li fu@b安@4著 |
| 702 | 0 | @a刘勃@Aliu bo@4译 |
| 801 | 0 | @aCN@bQSSK@c20041027 |
| 905 | @a10447@dI561.45@eA724 | |
| 意大利人=The Italian/(英)安·拉德克利夫著/刘勃译.-北京:中国人民大学出版社,2004.04 |
| 455页;24cm.-(朗朗书房.魔幻经典读本;7) |
| 孕育了《哈利·波特》和《指环王》的文学之源 |
| ISBN 7-300-05383-1:CNY 25.80 |
| ● |
| 相关链接 |
|
|
|
正题名:意大利人
索取号:I561.45/A724
 
预约/预借
| 序号 | 登录号 | 条形码 | 馆藏地/架位号 | 状态 | 备注 |
| 1 | 423119 | 204231198 | 文学库116/ [索取号:I561.45/A724] | 在馆 | |
| 2 | 423120 | 204231205 | 社科二线400B/116文学库 20排4列4层/ [索取号:I561.45/A724] | 在馆 | |
| 3 | 423121 | 204231214 | 社科二线400B/400B社科库 31排4列3层/ [索取号:I561.45/A724] | 在馆 |